| 000 | 01175nam a2200325 i 4500 | ||
|---|---|---|---|
| 001 | 000016140 | ||
| 003 | DO-SdBNP | ||
| 005 | 20250807093515.0 | ||
| 006 | a||||fr|||| 00| 0 | ||
| 007 | ta | ||
| 008 | 100226t1981 dr 000 0 spa d | ||
| 040 |
_aDO-SdBNP _bspa _cBNPHU _erda |
||
| 082 | 4 |
_a346.07 _bG633d, 1981 _222 |
|
| 100 | 1 |
_aGómez, Manuel Ubaldo, _d1892-1951. _919596 _eautor |
|
| 245 | 1 | 0 |
_aDerecho comercial / _cManuel Ubaldo Gómez. |
| 250 | _aSegunda edición | ||
| 264 |
_aSanto Domingo : _bOficina Nacional de Administración y Personal, (ONAP), _c1981. |
||
| 300 |
_avolúmenes ; _c21 cm. |
||
| 336 |
_2rdacontent _atexto _btxt |
||
| 337 |
_2rdamedia _asin mediación _bn |
||
| 338 |
_2rdacarrier _avolumen _bnc |
||
| 490 |
_aEstudios Jurídicos ; _v7 |
||
| 500 | _aIncluye referencias bibliográficas y notas al pie de las páginas | ||
| 590 | _aInventariado, 2024 / MF | ||
| 650 | 4 |
_aDerecho comercial _zRepública Dominicana _914449 |
|
| 650 | 4 |
_aDerecho comercial _xLegislación _95940 |
|
| 710 | 1 |
_aRepública Dominicana. _bOficina Nacional de Administración y Personal _926398 |
|
| 910 | _aValidado. Control de calidad BNPHU | ||
| 942 |
_2ddc _cLBS1 |
||
| 999 |
_c15680 _d15680 |
||